Statistics for Top 5 Songs On Sick! (Earl Sweatshirt)

Click here to take the quiz!

General Stats

  • This quiz has been taken 5 times
  • The average score is 4 of 5

Answer Stats

HintAnswer% Correct
13,563,0642010
100%
5,874,226Lye
100%
8,477,525Old Friend
80%
5,763,769Tabula Rasa
(feat. Armand Hammer)
60%
5,864,293Titanic
40%

Score Distribution

Percentile by Number Answered

Percent of People with Each Score

Your Score History

You have not taken this quiz